Jedyne państwo Azji które... - Statystyki

Ogólne statystyki
  • Ten quiz został rozwiązany 91 razy
  • Średni wynik to 8 z 10
Statystyki odpowiedzi
Pytanie Państwo % Poprawnych
Największe państwo na Półwyspie arabskim Arabia Saudyjska
94%
Nie długo przegoni indie w Liczbie ludności Chiny
94%
Zaczyna się na literę g Gruzja
90%
Flaga tego państwa nie maCzterech kontów Nepal
89%
Urządził mistrzostwa świataWraz z japonią Korea południowa
88%
Żyje tam więcej koni niż ludzi Mongolia
84%
Most łączy to państwo z Singapurem Malezja
82%
Ma lond na równiku Indonezja
80%
Zawiera literę g ale się na niąNie zaczyna Afganistan
55%
Ma najwięcej gwiazdek W całej azji Uzbekistan
31%
Nie znaleziono quizów pasujących do podanych kryteriów
Rozkład punktacji
Procent ludzi z każdym wynikiem
Percentyl według liczby udzielonych odpowiedzi
Twoja historia wyników
Nie rozwiązałeś tego quizu